Managing the building design process (Record no. 105480)

MARC details
000 -LEADER
fixed length control field 01723cam a2200289 4500
001 - CONTROL NUMBER
control field E133803
008 - FIXED-LENGTH DATA ELEMENTS--GENERAL INFORMATION
fixed length control field 060612n2006 000 0 eng u
020 ## - INTERNATIONAL STANDARD BOOK NUMBER
International Standard Book Number 9780080461427
035 ## - SYSTEM CONTROL NUMBER
System control number (Sirsi) u133803
041 ## - LANGUAGE CODE
Language code of text/sound track or separate title eng
050 ## - LIBRARY OF CONGRESS CALL NUMBER
Classification number 658.404
100 ## - MAIN ENTRY--PERSONAL NAME
Personal name Tunstall, Gavin
245 ## - TITLE STATEMENT
Title Managing the building design process
Medium [electronic resource]
250 ## - EDITION STATEMENT
Edition statement 2nd ed.
260 ## - PUBLICATION, DISTRIBUTION, ETC.
Place of publication, distribution, etc. Oxford
Name of publisher, distributor, etc. Butterworth Heinemann
Date of publication, distribution, etc. 2006
300 ## - PHYSICAL DESCRIPTION
Extent eBook
350 ## - PRICE (NR) (BK AM CF MU VM SE) [OBSOLETE]
Price 24.99
505 2# - FORMATTED CONTENTS NOTE
Formatted contents note SECTION 1 The Basics -- Design and the designers -- Communication -- Permissions and approvals -- SECTION 2 The Design Period -- Design planning -- The design brief -- The Design: Function, Part 1 How buildings are used -- The Design: Function, Part 2 Design and construction constraints -- The design: aesthetics -- Construction information -- Pre-contract administration -- SECTION 3 Construction Period -- Construction supervision -- Completion -- Feedback
520 ## - SUMMARY, ETC.
Summary, etc. This text explains the designer's role in the creation of new buildings from development of the plan through to completion. The focus is on ensuring that the adopted design best meets the needs of the client, and putting that design into practice in the most effective manner. This text uses one key design project throughout, so that the reader can follow the process leading to the creation of a new building, with pertinent issues highlighted as they would arise in practice.
590 ## - LOCAL NOTE (RLIN)
Local note IKA040706
650 ## - SUBJECT ADDED ENTRY--TOPICAL TERM
Topical term or geographic name entry element BUILT ENVIRONMENT-CONSTRUCTION DESIGN
650 24 - SUBJECT ADDED ENTRY--TOPICAL TERM
Topical term or geographic name entry element EBOOK
690 ## - LOCAL SUBJECT ADDED ENTRY--TOPICAL TERM (OCLC, RLIN)
Topical term or geographic name as entry element Project management
9 (RLIN) 6261
856 48 - ELECTRONIC LOCATION AND ACCESS
Uniform Resource Identifier <a href="https://www.vlebooks.com/">https://www.vlebooks.com/</a>
Public note View on VLEbooks. Logins for members only from [email protected]
942 ## - ADDED ENTRY ELEMENTS (KOHA)
Suppress in OPAC 0
Holdings
Withdrawn status Lost status Source of classification or shelving scheme Damaged status Not for loan Home library Current library Shelving location Date acquired Cost, normal purchase price Total Checkouts Full call number Barcode Date last seen Copy number Cost, replacement price Price effective from Koha item type
    Dewey Decimal Classification     Virtual Virtual Online 09/02/2010 41.68   EBOOK 133803-2001 06/08/2019 1 41.68 06/08/2019 Book